|
|
|
|
| LEADER |
01520nam a2200361 u 4500 |
| 001 |
10023055 |
| 003 |
upatras |
| 005 |
20220411133413.0 |
| 008 |
990123s1984 uk eng |
| 020 |
|
|
|a 0521288363
|
| 040 |
|
|
|a GR-PaULI
|c GR-PaULI
|
| 041 |
0 |
|
|a eng
|
| 082 |
0 |
4 |
|a 870
|
| 082 |
0 |
4 |
|a 872.01
|
| 100 |
1 |
|
|9 26666
|a Seneca, Lucius Annaeus.,
|d 4 π.Χ.-65 μ.Χ.
|
| 245 |
1 |
0 |
|a Apocolocyntosis
|c Seneca; edited by P.T. Eden
|
| 260 |
|
|
|a Cambridge
|b Cambridge University Press
|c 1984
|
| 300 |
|
|
|a xii, 169 p.
|c 20 cm.
|
| 490 |
0 |
|
|a Cambridge Greek and Latin classics
|
| 500 |
|
|
|a English and Latin
|
| 504 |
|
|
|a Includes bibliographies and indexes
|
| 600 |
0 |
4 |
|a Σενέκας, Λούκιος Ανναίος,
|d 4 π.Χ.-65 μ.Χ.
|9 26667
|
| 650 |
|
4 |
|a Λατινική γραμματεία
|x Πηγές
|9 5795
|
| 650 |
|
4 |
|9 51930
|a Σάτιρα
|
| 700 |
1 |
|
|a Eden, P. T.
|4 edt
|9 148776
|
| 760 |
0 |
|
|a Cambridge Greek and Latin classics
|
| 852 |
|
|
|a GR-PaULI
|b ΠΑΤΡΑ
|b ΦΙΛΟΛΟΓΙΑ
|k ΑΣΧΞ
|h 870 S
|m 045250
|p 025000058471
|t 1
|
| 852 |
|
|
|a GR-PaULI
|b ΠΑΤΡΑ
|b ΦΙΛΟΛΟΓΙΑ
|k ΔΑΝΕΙΖ-6
|h 872.01 SEN
|m 003131
|t 2
|
| 942 |
|
|
|2 ddc
|c BK15
|
| 952 |
|
|
|0 0
|1 0
|4 0
|6 870_000000000000000_S
|7 0
|9 188977
|a LTRT
|b LTRT
|d 2016-04-24
|i 045250
|l 0
|o 870 S
|p 025000058471
|r 2016-04-24 00:00:00
|t 1
|w 2016-04-24
|y BK15
|
| 952 |
|
|
|0 0
|1 0
|4 0
|6 872_010000000000000_SEN
|7 0
|9 188978
|a LTRT
|b LTRT
|d 2016-04-24
|i 003131
|l 0
|o 872.01 SEN
|r 2016-04-24 00:00:00
|t 2
|w 2016-04-24
|y BK15
|
| 998 |
|
|
|c ΣΥΨΑ
|d 1999-07
|
| 999 |
|
|
|c 116424
|d 116424
|